000 00742nam a2200217 i 4500
001 188542
003 ES-MaACL
005 20231103211025.0
008 181214s1966 sp |||| | spa d
100 1 _aChujrai, Grigori (
_d1921-2001)
_9165771
245 1 3 _aLa balada del soldado /
_cGrigori Chujrai ; [traducción], prólogo de Ricardo Díaz-Delgado.
260 _aBarcelona :
_bAymá,
_c1966.
300 _a149 p., 10 lám. ;
_c19 cm.
490 1 _aVoz imagen.
_aCine ;
_v17
655 7 _2tgfbne
_aGuiones cinematográficos
_9234355
700 1 _aDíaz-Delgado Estévanez, Ricardo.
_944261
830 1 _aVoz imagen.
_aCine ;
_v17
_9193071
852 _aES-MaACL
_jP-155-bis-14
942 _2udc
999 _c188542
_d188542